000 00564nam a22001817a 4500
005 20231108115437.0
008 231108b |||||||| |||| 00| 0 eng d
020 _a0702133914
041 _aEnglish
082 _a346.3 COR
100 _aGauntlett, JJ
_lEnglish
245 _aThe Quantum of Damages in Bodily and Fatal Injury Cases /
_cJJ Gauntlett
250 _aFourth Edition
260 _aCape Town :
_bJuta and Company Ltd,
_c1995
300 _bxxv, 98 pages ;
_c26 cm.
650 _aLegal practice
_bLaw
942 _cBK
_6ALISON_BN_VRIES
999 _c428
_d428